Gvbernare navem gvbernare rem pvblicam. Contributi alla storia del diritto marittimo e del diritto pubblico romano

Na minha lista:
Detalhes bibliográficos
Autor principal: Moschetti, Cesare Maria (autore)
Formato: Livro
Idioma:Língua italiana
Publicado em: Milán Dott. A. Giuffrè 1966
coleção:Quaderni di Studi Senesi, 16
Assuntos:
Tags: Adicionar Tag
Sem tags, seja o primeiro a adicionar uma tag!

MARC

LEADER 00000nam a2200000 a 4500
001 UCR0331
003 CL-VaPUC
008 971129e19660000IT |||||||||||||||||ita|d
082 0 4 |a 340.54  |b MOS  |2 21 
100 |a Moschetti, Cesare Maria  |e autore  |9 395863 
245 1 0 |a Gvbernare navem gvbernare rem pvblicam. Contributi alla storia del diritto marittimo e del diritto pubblico romano 
300 |a 269 p 
942 |c BK 
945 |d 19971129 00:00:00  |a aolguin 
260 |a Milán  |b Dott. A. Giuffrè  |c 1966 
650 0 |a Derecho romano  |9 255930 
650 0 |a Derecho público   |9 255910 
650 0 |a Derecho marítimo  |9 255301 
650 0 |a Gobernadores  |9 323856 
583 |a last modification  |c 19971129 00:00:00  |k Rodrigo Vera 
490 0 |a Quaderni di Studi Senesi, 16 
999 |c 263875  |d 263873 
952 |0 0  |1 0  |4 0  |6 340_540000000000000_MOS_1966  |7 0  |8 DER_ROM  |9 293360  |a BIBDER  |b BIBDER  |d 2019-11-19  |i 1898795  |o 340.54 MOS 1966  |p 1898795  |r 2023-01-25  |w 2019-11-19  |x Ubicación 4to piso  |y BK  |z Este recurso debe solicitarse con anticipación  |k DER